[Event "Hastings Challengers 1995/96"]
[Site "Hastings"]
[Date "1996.01.04"]
[Round "8"]
[White "Rice, Christopher B"]
[Black "Cafferty, Bernard"]
[Result "1/2-1/2"]
[WhiteElo "2165"]
[BlackElo "2260"]
[PlyCount "93"]
[EventDate "1995.12.28"]
[EventType "swiss"]
[EventRounds "11"]
[EventCountry "ENG"]
[SourceTitle "BritBase"]
[Source "John Saunders"]
[SourceDate "2025.01.31"]
[SourceVersion "1"]
[SourceVersionDate "2025.01.31"]
[SourceQuality "1"]

1. d4 Nf6 2. Nf3 e6 3. Bg5 c5 4. e3 cxd4 5. exd4 d5 6. Nbd2 Be7 7. Bd3 Nc6 8. c3 h6 9. Bh4 Bd7 10. Qe2 O-O 11. Ne5 Be8 12. f4 Nd7 13. Bg3 Rc8 14. O-O Qb6 15. Rab1 a6 16. Kh1 Nd8 17. f5 Nxe5 18. Bxe5 f6 19. Bf4 Bb5 20. Bxb5 axb5 21. a3 Rf7 22. Qg4 exf5 23. Qxf5 Qe6 24. Qg6 f5 25. Qg3 g5 26. Rbe1 Qg6 27. Nf3 Nc6 28. Re2 Kh7 29. Ne5 Nxe5 30. Bxe5 Re8 31. Rfe1 Bd8 32. Qf3 Qc6 33. Bb8 Rxe2 34. Rxe2 Kg6 35. Re5 f4 36. Qd3+ Kg7 37. Re1 Bf6 38. Be5 Re7 39. Qf5 Bxe5 40. Rxe5 Rxe5 41. Qxe5+ Kg6 42. Kg1 Kf7 43. Qf5+ Ke7 44. Qh7+ Kf8 45. Qh8+ Kf7 46. Qb8 Kg6 47. Qe5 1/2-1/2

[Event "Hastings Challengers 1995/96"]
[Site "Hastings"]
[Date "1996.01.04"]
[Round "8"]
[White "Jakubovics, Nicholas S"]
[Black "Almond, Richard JA"]
[Result "0-1"]
[WhiteElo "2220"]
[BlackElo "2070"]
[PlyCount "62"]
[EventDate "1995.12.28"]
[EventType "swiss"]
[EventRounds "11"]
[EventCountry "ENG"]
[SourceTitle "Denman Collection"]
[Source "Brian Denman"]
[SourceDate "2023.11.29"]
[SourceVersion "1"]
[SourceVersionDate "2023.11.29"]
[SourceQuality "1"]

1. e4 c6 2. d4 d5 3. Nd2 dxe4 4. Nxe4 Nd7 5. Bc4 Ngf6 6. Ng5 e6 7. Qe2 Nb6 8. Bd3 h6 9. N5f3 c5 10. dxc5 Bxc5 11. Bd2 Qc7 12. O-O-O Nbd7 13. Nh3 b5 14. Kb1 b4 15. Bf4 Qb6 16. Ne5 O-O 17. Bc4 a5 18. Rd3 Bd4 19. Nxf7 Rxf7 20. Bxe6 Ba6 21. Qf3 Qxe6 22. Qxa8+ Rf8 23. Qxf8+ Nxf8 24. Rxd4 Qg4 25. Rd6 Bb7 26. f3 Bxf3 27. gxf3 Qxh3 28. Rg1 Kh7 29. Bg3 Qf5 30. Ra6 Ne6 31. Ra7 Qc5 {Source: C P Ravilious (Brian Denman Collection)} 0-1

[Event "Hastings Challengers 1995/96"]
[Site "Hastings"]
[Date "1996.01.05"]
[Round "9"]
[White "Arkell, Keith C"]
[Black "Emms, John M"]
[Result "0-1"]
[WhiteElo "2505"]
[BlackElo "2485"]
[PlyCount "128"]
[EventDate "1995.12.28"]
[EventType "swiss"]
[EventRounds "11"]
[EventCountry "ENG"]
[SourceTitle "BritBase"]
[Source "John Saunders"]
[SourceDate "2025.01.31"]
[SourceVersion "1"]
[SourceVersionDate "2025.01.31"]
[SourceQuality "1"]

1. d4 Nf6 2. Nf3 e6 3. c4 c5 4. d5 d6 5. Nc3 exd5 6. cxd5 g6 7. g3 Bg7 8. Bg2 O-O 9. O-O Re8 10. Nd2 a6 11. a4 Nbd7 12. Nc4 Ne5 13. Nxe5 Rxe5 14. Qc2 Rh5 15. e4 Ng4 16. h3 Nf6 17. g4 Bxg4 18. hxg4 Nxg4 19. Bf4 Qh4 20. Bg3 Qxg3 21. fxg3 Bd4+ 22. Rf2 Bxf2+ 23. Qxf2 Nxf2 24. Kxf2 Rb8 25. Nd1 f5 26. exf5 Rxf5+ 27. Ke2 Re8+ 28. Ne3 Rfe5 29. Ra3 b5 30. axb5 axb5 31. Kf2 c4 32. b4 Rf8+ 33. Ke2 Rfe8 34. Kd2 Rg5 35. Bh3 Rxg3 36. Be6+ Kh8 37. Ke2 Rf8 38. Ra6 Rf4 39. Bd7 c3 40. Rc6 Rxb4 41. Kf2 Rg5 42. Kf3 h5 43. Rxc3 Re5 44. Be6 Kg7 45. Ng2 Rc4 46. Ra3 b4 47. Ra6 b3 48. Rb6 Rc3+ 49. Kf2 Rc2+ 50. Kf3 b2 51. Rb7+ Kh6 52. Rb8 g5 53. Rh8+ Kg7 54. Rg8+ Kh6 55. Rh8+ Kg7 56. Rg8+ Kh7 57. Rb8 Rc3+ 58. Kf2 Rc2+ 59. Kf3 g4+ 60. Kg3 Rc3+ 61. Kh2 Re2 62. Bf5+ Kg7 63. Rb4 Rh3+ 64. Kg1 Rg3 0-1

[Event "Hastings Challengers 1995/96"]
[Site "Hastings"]
[Date "1996.01.05"]
[Round "9"]
[White "Beaton, Kenneth S"]
[Black "Rause, Olita"]
[Result "1/2-1/2"]
[WhiteElo "2130"]
[BlackElo "2320"]
[PlyCount "38"]
[EventDate "1995.12.28"]
[EventType "swiss"]
[EventRounds "11"]
[EventCountry "ENG"]
[SourceTitle "BritBase"]
[Source "John Saunders"]
[SourceDate "2025.01.31"]
[SourceVersion "1"]
[SourceVersionDate "2025.01.31"]
[SourceQuality "1"]

1. d4 d5 2. c4 Bf5 3. cxd5 Bxb1 4. Rxb1 Qxd5 5. a3 Nc6 6. Nf3 Qe4 7. Ra1 e5 8. dxe5 Bb4+ 9. axb4 Nxb4 10. Nd4 Qxd4 11. Qxd4 Nc2+ 12. Kd1 Nxd4 13. e3 Nb3 14. Ra3 Nxc1 15. Kxc1 a6 16. f4 Ne7 17. Bd3 O-O-O 18. Rd1 f6 19. exf6 gxf6 1/2-1/2

[Event "Hastings Challengers 1995/96"]
[Site "Hastings"]
[Date "1996.01.05"]
[Round "9"]
[White "Bisby, Daniel L"]
[Black "Kurr, Gerd"]
[Result "1/2-1/2"]
[WhiteElo "2120"]
[BlackElo "2250"]
[PlyCount "55"]
[EventDate "1995.12.28"]
[EventType "swiss"]
[EventRounds "11"]
[EventCountry "ENG"]
[SourceTitle "BritBase"]
[Source "John Saunders"]
[SourceDate "2025.01.31"]
[SourceVersion "1"]
[SourceVersionDate "2025.01.31"]
[SourceQuality "1"]

1. e4 c6 2. d4 d5 3. e5 c5 4. dxc5 Nc6 5. Bb5 e6 6. Be3 Nge7 7. Nf3 Bd7 8. Nc3 Nf5 9. Bxc6 Bxc6 10. b4 Nxe3 11. fxe3 Be7 12. O-O O-O 13. Qd3 f6 14. Rad1 a5 15. Nd4 Qc8 16. exf6 Rxf6 17. Rxf6 Bxf6 18. b5 Be8 19. Na4 Bg6 20. Qb3 Qe8 21. Nb6 a4 22. Qb4 Rd8 23. Qxa4 Be4 24. c6 Be5 25. Nf3 Qg6 26. Rf1 bxc6 27. bxc6 d4 28. Nd7 1/2-1/2

[Event "Hastings Challengers 1995/96"]
[Site "Hastings"]
[Date "1996.01.05"]
[Round "9"]
[White "Brustkern, Juergen"]
[Black "Dearing, Eddie"]
[Result "0-1"]
[WhiteElo "2215"]
[BlackElo "2060"]
[PlyCount "42"]
[EventDate "1995.12.28"]
[EventType "swiss"]
[EventRounds "11"]
[EventCountry "ENG"]
[SourceTitle "BritBase"]
[Source "John Saunders"]
[SourceDate "2025.01.31"]
[SourceVersion "1"]
[SourceVersionDate "2025.01.31"]
[SourceQuality "1"]

1. e4 c5 2. Nf3 d6 3. c3 Nf6 4. h3 Nc6 5. Bd3 d5 6. e5 Nd7 7. Qe2 e6 8. O-O Qb6 9. Bc2 g6 10. Rd1 Bg7 11. d4 O-O 12. Na3 cxd4 13. cxd4 a6 14. Rb1 f6 15. exf6 Nxf6 16. Be3 Qc7 17. Rbc1 Nh5 18. Ba4 b5 19. Bb3 Bd7 20. Rc5 Qd6 21. g3 Nxg3 0-1

[Event "Hastings Challengers 1995/96"]
[Site "Hastings"]
[Date "1996.01.05"]
[Round "9"]
[White "Bryson, Douglas Marshall"]
[Black "Haslinger, Stewart G"]
[Result "0-1"]
[WhiteElo "2405"]
[BlackElo "2145"]
[PlyCount "116"]
[EventDate "1995.12.28"]
[EventType "swiss"]
[EventRounds "11"]
[EventCountry "ENG"]
[SourceTitle "BritBase"]
[Source "John Saunders"]
[SourceDate "2025.01.31"]
[SourceVersion "1"]
[SourceVersionDate "2025.01.31"]
[SourceQuality "1"]

1. e4 e5 2. Nf3 Nc6 3. Bc4 Bc5 4. d3 Nf6 5. Nc3 d6 6. Bg5 Be6 7. Nd5 Bxd5 8. exd5 Nb8 9. d4 exd4 10. O-O O-O 11. Nxd4 Nbd7 12. Nf5 Re8 13. Bb5 Re5 14. Qf3 Nb6 15. Rae1 g6 16. Bd3 Nbxd5 17. c4 Nb4 18. Bb1 Nc6 19. Qh3 Rxe1 20. Rxe1 Ne5 21. Re2 Neg4 22. Qh4 h6 23. Bd2 Qd7 24. h3 Nxf2 25. Rxf2 Bxf2+ 26. Qxf2 Qe6 27. Bc3 Re8 28. Bd3 Ne4 29. Bxe4 Qxe4 30. Ng7 Re7 31. Qf6 Qe3+ 32. Kh2 Qg5 33. Qf2 Qe3 34. Qf6 Qg5 35. Qf1 Re4 36. Nf5 Rf4 37. Ne7+ Kf8 38. Qc1 Rxc4 39. Qxg5 hxg5 40. Nd5 c6 41. Nf6 Ke7 42. Ng4 Ke6 43. Kg1 d5 44. Ne3 Re4 45. Nc2 c5 46. Kf2 f5 47. Ne1 f4 48. Nd3 b6 49. Bd2 Kf5 50. b3 a5 51. Kf3 a4 52. Nf2 axb3 53. axb3 Re8 54. Nd3 Ra8 55. Ke2 Ra3 56. b4 c4 57. Nf2 d4 58. Nd1 c3 0-1

[Event "Hastings Challengers 1995/96"]
[Site "Hastings"]
[Date "1996.01.05"]
[Round "9"]
[White "Ferguson, Mark"]
[Black "Radovanovic, Jovica"]
[Result "1-0"]
[WhiteElo "2360"]
[BlackElo "2280"]
[PlyCount "53"]
[EventDate "1995.12.28"]
[EventType "swiss"]
[EventRounds "11"]
[EventCountry "ENG"]
[SourceTitle "BritBase"]
[Source "John Saunders"]
[SourceDate "2025.01.31"]
[SourceVersion "1"]
[SourceVersionDate "2025.01.31"]
[SourceQuality "1"]

1. d4 Nf6 2. Nf3 g6 3. b4 Bg7 4. Bb2 O-O 5. Nbd2 d5 6. e3 a5 7. b5 a4 8. c4 c6 9. cxd5 Qa5 10. dxc6 a3 11. cxb7 Bxb7 12. Bc1 Rc8 13. Be2 Qc3 14. Rb1 Be4 15. O-O Bxb1 16. Nxb1 Qc2 17. Bxa3 Qxa2 18. Bxe7 Nbd7 19. Ne5 Nxe5 20. dxe5 Ne8 21. Bg4 Rc7 22. Bd8 Rc2 23. Qd7 Bf8 24. Qxe8 Qd5 25. Bd7 Ra7 26. e6 Qd6 27. Qxf7+ 1-0

[Event "Hastings Challengers 1995/96"]
[Site "Hastings"]
[Date "1996.01.05"]
[Round "9"]
[White "Flear, Glenn C"]
[Black "Hebden, Mark L"]
[Result "1/2-1/2"]
[WhiteElo "2495"]
[BlackElo "2570"]
[PlyCount "42"]
[EventDate "1995.12.28"]
[EventType "swiss"]
[EventRounds "11"]
[EventCountry "ENG"]
[SourceTitle "BritBase"]
[Source "John Saunders"]
[SourceDate "2025.01.31"]
[SourceVersion "1"]
[SourceVersionDate "2025.01.31"]
[SourceQuality "1"]

1. d4 Nf6 2. c4 g6 3. Nc3 Bg7 4. e4 d6 5. h3 O-O 6. Bg5 Na6 7. Bd3 e5 8. d5 Qe8 9. g4 Nd7 10. a3 f5 11. b4 f4 12. f3 Bf6 13. Bxf6 Nxf6 14. Nge2 c5 15. Rb1 Bd7 16. Nc1 Qd8 17. Qd2 Rf7 18. Qf2 Be8 19. Be2 Rc8 20. Kd2 Rg7 21. b5 Nb8 1/2-1/2

[Event "Hastings Challengers 1995/96"]
[Site "Hastings"]
[Date "1996.01.05"]
[Round "9"]
[White "Hirsch, Stefan"]
[Black "Ryan, Joseph"]
[Result "1-0"]
[WhiteElo "2235"]
[BlackElo "2210"]
[PlyCount "119"]
[EventDate "1995.12.28"]
[EventType "swiss"]
[EventRounds "11"]
[EventCountry "ENG"]
[SourceTitle "BritBase"]
[Source "John Saunders"]
[SourceDate "2025.01.31"]
[SourceVersion "1"]
[SourceVersionDate "2025.01.31"]
[SourceQuality "1"]

1. d4 d5 2. Nf3 Nc6 3. g3 g6 4. Bg2 Bg7 5. O-O e6 6. c3 Nge7 7. Re1 O-O 8. Nbd2 f5 9. Nb3 h6 10. h4 a5 11. Bf4 Kh7 12. Nc5 Ng8 13. Nd3 Nf6 14. Nfe5 Nxe5 15. Bxe5 Ng4 16. Bxg7 Kxg7 17. f3 Nf6 18. e3 Nh5 19. Kf2 g5 20. Rh1 f4 21. exf4 gxf4 22. g4 Ng3 23. Rh3 h5 24. Rxg3 fxg3+ 25. Kxg3 Bd7 26. Qd2 Be8 27. Re1 Qf6 28. Re5 Rh8 29. Nf4 hxg4 30. Nxe6+ Kg8 31. Qg5+ Qxg5 32. Rxg5+ Kf7 33. Nxc7 Rc8 34. Nxd5 gxf3 35. Bxf3 Bc6 36. Bh5+ Kf8 37. Rf5+ Kg7 38. Ne7 Ra8 39. c4 Rhf8 40. Rg5+ Kf6 41. Ng6 Rg8 42. Kf4 Be8 43. Ne5 Bxh5 44. Rxh5 Rg2 45. Rh6+ Kg7 46. Rb6 Rf8+ 47. Ke4 Rff2 48. Rxb7+ Kh6 49. Ra7 Rxb2 50. Rxa5 Rxa2 51. Rxa2 Rxa2 52. c5 Kg7 53. Kd5 Kf6 54. Kd6 Rh2 55. c6 Rxh4 56. d5 Kf5 57. c7 Rh6+ 58. Kc5 Rh8 59. d6 Rc8 60. Kc6 1-0

[Event "Hastings Challengers 1995/96"]
[Site "Hastings"]
[Date "1996.01.05"]
[Round "9"]
[White "Hon, Andrew HL"]
[Black "Quinn, Mark"]
[Result "0-1"]
[WhiteElo "2225"]
[BlackElo "2360"]
[PlyCount "64"]
[EventDate "1995.12.28"]
[EventType "swiss"]
[EventRounds "11"]
[EventCountry "ENG"]
[SourceTitle "BritBase"]
[Source "John Saunders"]
[SourceDate "2025.01.31"]
[SourceVersion "1"]
[SourceVersionDate "2025.01.31"]
[SourceQuality "1"]

1. e4 c5 2. Nf3 Nc6 3. Nc3 g6 4. d4 cxd4 5. Nxd4 Bg7 6. Be3 Nf6 7. Bc4 O-O 8. Bb3 a5 9. a4 Ng4 10. Qxg4 Nxd4 11. Qh4 Nxb3 12. cxb3 Ra6 13. O-O Bf6 14. Qg3 d6 15. f4 Be6 16. Ra3 Kh8 17. f5 gxf5 18. exf5 Bd7 19. Qf4 Be5 20. Qh4 Bc6 21. Ne4 f6 22. Rf2 Bxe4 23. Qxe4 d5 24. Qf3 Qd6 25. Rd2 Bxb2 26. Ra2 Bc1 27. Rd3 Bxe3+ 28. Qxe3 Rc6 29. Qh6 Rg8 30. Ra1 Qe5 31. Rf1 Rc2 32. g3 Qe2 0-1

[Event "Hastings Challengers 1995/96"]
[Site "Hastings"]
[Date "1996.01.05"]
[Round "9"]
[White "Houska, Miroslav"]
[Black "Gottschlich, Carsten"]
[Result "1-0"]
[WhiteElo "2275"]
[BlackElo "2170"]
[PlyCount "103"]
[EventDate "1995.12.28"]
[EventType "swiss"]
[EventRounds "11"]
[EventCountry "ENG"]
[SourceTitle "BritBase"]
[Source "John Saunders"]
[SourceDate "2025.01.31"]
[SourceVersion "1"]
[SourceVersionDate "2025.01.31"]
[SourceQuality "1"]

1. Nf3 Nf6 2. d4 e6 3. Bg5 Be7 4. e3 b6 5. Bd3 Bb7 6. O-O O-O 7. Nbd2 d5 8. Ne5 c5 9. c3 Nc6 10. Qa4 Qc7 11. f4 a6 12. Bxf6 Bxf6 13. Qc2 g6 14. Ndf3 Bg7 15. Nxc6 Bxc6 16. Qe2 Bb7 17. g4 b5 18. g5 f5 19. gxf6 Bxf6 20. Ne5 Qe7 21. Qg4 c4 22. Bc2 Bxe5 23. fxe5 a5 24. h4 Rxf1+ 25. Rxf1 Rf8 26. Rxf8+ Kxf8 27. h5 gxh5 28. Qxh5 Qg7+ 29. Kf2 h6 30. Bg6 Bc6 31. a3 Bd7 32. Kf3 Bc6 33. Qg4 Qe7 34. Qh5 Kg7 35. Qg4 Kf8 36. Qh5 Kg7 37. Kg3 Qg5+ 38. Qxg5 hxg5 39. Bh5 Kh6 40. Bg4 Bd7 41. e4 dxe4 42. d5 Kg7 43. d6 Kf8 44. Kf2 Ke8 45. Ke3 Kd8 46. Kxe4 Kc8 47. Kd4 Kb7 48. Kc5 Ka7 49. a4 bxa4 50. Kxc4 Kb6 51. Kd4 a3 52. bxa3 1-0

[Event "Hastings Challengers 1995/96"]
[Site "Hastings"]
[Date "1996.01.05"]
[Round "9"]
[White "Howell, Christopher I"]
[Black "Cherniaev, Alexander"]
[Result "0-1"]
[WhiteElo "2080"]
[BlackElo "2450"]
[PlyCount "58"]
[EventDate "1995.12.28"]
[EventType "swiss"]
[EventRounds "11"]
[EventCountry "ENG"]
[SourceTitle "BritBase"]
[Source "John Saunders"]
[SourceDate "2025.01.31"]
[SourceVersion "1"]
[SourceVersionDate "2025.01.31"]
[SourceQuality "1"]

1. e4 c5 2. c3 Nf6 3. e5 Nd5 4. d4 cxd4 5. Nf3 Nc6 6. Bc4 Nb6 7. Bb3 g6 8. O-O Bg7 9. Re1 O-O 10. cxd4 d6 11. e6 fxe6 12. Bxe6+ Bxe6 13. Rxe6 Rxf3 14. gxf3 Nxd4 15. Re4 e5 16. Be3 d5 17. Rg4 Qf6 18. Nc3 Nxf3+ 19. Kg2 Nd4 20. a4 Rf8 21. f4 Qe6 22. fxe5 Nc2 23. Rg3 Nxa1 24. Bd4 Bxe5 25. Re3 Nc4 26. Re1 Nb3 27. Bxe5 Nxe5 28. Qxb3 Qg4+ 29. Kh1 Rf2 0-1

[Event "Hastings Challengers 1995/96"]
[Site "Hastings"]
[Date "1996.01.05"]
[Round "9"]
[White "Kelly, Brian R"]
[Black "Avni, Amatzia"]
[Result "1/2-1/2"]
[WhiteElo "2300"]
[BlackElo "2360"]
[PlyCount "74"]
[EventDate "1995.12.28"]
[EventType "swiss"]
[EventRounds "11"]
[EventCountry "ENG"]
[SourceTitle "BritBase"]
[Source "John Saunders"]
[SourceDate "2025.01.31"]
[SourceVersion "1"]
[SourceVersionDate "2025.01.31"]
[SourceQuality "1"]

1. c4 b6 2. Nf3 Bb7 3. Nc3 e6 4. Qc2 Nf6 5. e4 c5 6. d4 cxd4 7. Nxd4 Bc5 8. Nb3 Bb4 9. f3 Nc6 10. Be3 O-O 11. a3 Be7 12. Be2 Rc8 13. Rd1 Ne5 14. Nb5 Ba6 15. Nxa7 Rxc4 16. Bxc4 Nxc4 17. Nc6 Nxe3 18. Qc1 Nxg2+ 19. Kf2 Qe8 20. Nxe7+ Qxe7 21. Kxg2 d5 22. e5 Nh5 23. Rhe1 f6 24. Qe3 fxe5 25. Qxe5 Qf7 26. Nd4 Nf4+ 27. Kh1 Nd3 28. Rxd3 Bxd3 29. Qxe6 Qxe6 30. Rxe6 Rf4 31. Nb3 Bf5 32. Rxb6 Bh3 33. Kg1 Rxf3 34. Nd2 Rd3 35. Nb3 Rf3 36. Nd2 Rd3 37. Nb3 Rf3 1/2-1/2

[Event "Hastings Challengers 1995/96"]
[Site "Hastings"]
[Date "1996.01.05"]
[Round "9"]
[White "Lalic, Susan Kathryn"]
[Black "Vigus, James E"]
[Result "1/2-1/2"]
[WhiteElo "2315"]
[BlackElo "2110"]
[PlyCount "123"]
[EventDate "1995.12.28"]
[EventType "swiss"]
[EventRounds "11"]
[EventCountry "ENG"]
[SourceTitle "BritBase"]
[Source "John Saunders"]
[SourceDate "2025.01.31"]
[SourceVersion "1"]
[SourceVersionDate "2025.01.31"]
[SourceQuality "1"]

1. e4 d6 2. d4 Nf6 3. Nc3 g6 4. Nf3 Bg7 5. Bf4 c5 6. dxc5 Qa5 7. Nd2 Qxc5 8. Nb3 Qc7 9. Qd2 O-O 10. O-O-O Nc6 11. f3 a5 12. Bb5 Na7 13. a4 Nxb5 14. Nxb5 Qc4 15. Bh6 Qxa4 16. Bxg7 Kxg7 17. Nc7 Ra7 18. Qe3 b6 19. Rd4 Qd7 20. e5 Qxc7 21. exf6+ exf6 22. Rh4 g5 23. Rh5 Bf5 24. Nd4 Bg6 25. Rh3 d5 26. Re1 a4 27. f4 gxf4 28. Qd2 Rc8 29. Rc3 Qd7 30. Rf3 a3 31. Rxa3 Rxa3 32. bxa3 Rc4 33. Kb2 Qd6 34. Rf1 Qe5 35. c3 Qe4 36. Re1 Qd3 37. Qxd3 Bxd3 38. Rd1 Be4 39. Rf1 Bxg2 40. Rxf4 Be4 41. Kb3 Rc8 42. h4 Kg6 43. Rg4+ Kh5 44. Rf4 f5 45. Nxf5 Bxf5 46. Rxf5+ Kxh4 47. Rxf7 h5 48. Rf6 Rg8 49. Rxb6 Kg3 50. Rd6 Rg5 51. a4 h4 52. a5 h3 53. a6 h2 54. Rh6 Kg2 55. a7 Rg8 56. Rg6+ Rxg6 57. a8=Q Rg5 58. Qd8 h1=Q 59. Qxg5+ Kf2 60. Qd2+ Kg3 61. Kb4 Qe4+ 62. Kb3 1/2-1/2

[Event "Hastings Challengers 1995/96"]
[Site "Hastings"]
[Date "1996.01.05"]
[Round "9"]
[White "Ledger, Andrew J"]
[Black "Buckley, Graeme N"]
[Result "0-1"]
[WhiteElo "2410"]
[BlackElo "2355"]
[PlyCount "72"]
[EventDate "1995.12.28"]
[EventType "swiss"]
[EventRounds "11"]
[EventCountry "ENG"]
[SourceTitle "BritBase"]
[Source "John Saunders"]
[SourceDate "2025.01.31"]
[SourceVersion "1"]
[SourceVersionDate "2025.01.31"]
[SourceQuality "1"]

1. e4 c5 2. Nc3 e6 3. Nge2 d6 4. g3 Nf6 5. Bg2 Be7 6. O-O O-O 7. d3 Nc6 8. h3 Rb8 9. Be3 b5 10. a3 a5 11. f4 d5 12. e5 Nd7 13. d4 b4 14. axb4 axb4 15. Na4 cxd4 16. Nxd4 Qc7 17. b3 Nxd4 18. Bxd4 Ra8 19. Rf2 Bb7 20. Qe2 Nc5 21. f5 exf5 22. Rxf5 g6 23. Rf2 Ne4 24. Bxe4 dxe4 25. Qe3 Qd7 26. Kh2 Bg5 27. Rf4 Bc8 28. Raf1 Qxh3+ 29. Kg1 Bg4 30. Nc5 Bxf4 31. Rxf4 Bf3 32. Rxf3 exf3 33. Qxf3 Ra2 34. Ne4 Rxc2 35. Nf6+ Kh8 36. Be3 Rb2 0-1

[Event "Hastings Challengers 1995/96"]
[Site "Hastings"]
[Date "1996.01.05"]
[Round "9"]
[White "Ledger, Stephen C"]
[Black "Pert, Nicholas"]
[Result "1-0"]
[WhiteElo "2260"]
[BlackElo "2160"]
[PlyCount "85"]
[EventDate "1995.12.28"]
[EventType "swiss"]
[EventRounds "11"]
[EventCountry "ENG"]
[SourceTitle "BritBase"]
[Source "John Saunders"]
[SourceDate "2025.01.31"]
[SourceVersion "1"]
[SourceVersionDate "2025.01.31"]
[SourceQuality "1"]

1. d4 e6 2. Nf3 f5 3. Bg5 Be7 4. h4 Nf6 5. Nc3 d6 6. Bxf6 Bxf6 7. e4 Nc6 8. Bc4 O-O 9. exf5 d5 10. Bb3 Na5 11. fxe6 Nxb3 12. axb3 Bxe6 13. Qd2 c6 14. Ne2 Qd6 15. Qd3 Bg4 16. Ng5 g6 17. f3 Bf5 18. Qd2 h6 19. g4 Bd7 20. Qd3 Kg7 21. Nh3 Bxh4+ 22. Kd2 Rf7 23. Rag1 Re8 24. Rg2 Rfe7 25. c3 Qf6 26. b4 Qe6 27. Nef4 Qe3+ 28. Qxe3 Rxe3 29. g5 Bxh3 30. gxh6+ Kh7 31. Rxh3 g5 32. Nh5 R3e6 33. Ng7 R6e7 34. Nxe8 Rxe8 35. f4 Be1+ 36. Kd1 gxf4 37. Rg7+ Kh8 38. Rxb7 Bg3 39. Rxa7 Rf8 40. Ke2 Re8+ 41. Kf3 Re3+ 42. Kg4 Re2 43. h7 1-0

[Event "Hastings Challengers 1995/96"]
[Site "Hastings"]
[Date "1996.01.05"]
[Round "9"]
[White "Malaniuk, Vladimir P"]
[Black "Plaskett, H James"]
[Result "1-0"]
[WhiteElo "2580"]
[BlackElo "2465"]
[PlyCount "55"]
[EventDate "1995.12.28"]
[EventType "swiss"]
[EventRounds "11"]
[EventCountry "ENG"]
[SourceTitle "BritBase"]
[Source "John Saunders"]
[SourceDate "2025.01.31"]
[SourceVersion "1"]
[SourceVersionDate "2025.01.31"]
[SourceQuality "1"]

1. d4 d6 2. e4 g6 3. Nf3 Bg7 4. c3 Nf6 5. Bd3 O-O 6. O-O Nc6 7. h3 Nd7 8. Re1 e5 9. Bb5 Qe7 10. Na3 Nd8 11. Bf1 Ne6 12. Nc4 b6 13. a4 exd4 14. cxd4 c5 15. Be3 cxd4 16. Nxd4 Ndc5 17. Nf5 gxf5 18. exf5 d5 19. Qxd5 Nc7 20. Qf3 Qh4 21. Qc6 N5a6 22. Nd6 Qf6 23. Rad1 Rd8 24. Bxa6 Bf8 25. Bxc8 Raxc8 26. Nxc8 Qxc6 27. Rxd8 Ne6 28. Bd4 1-0

[Event "Hastings Challengers 1995/96"]
[Site "Hastings"]
[Date "1996.01.05"]
[Round "9"]
[White "Mortensen, Erling"]
[Black "Cooper, Lawrence"]
[Result "1-0"]
[WhiteElo "2430"]
[BlackElo "2315"]
[PlyCount "69"]
[EventDate "1995.12.28"]
[EventType "swiss"]
[EventRounds "11"]
[EventCountry "ENG"]
[SourceTitle "BritBase"]
[Source "John Saunders"]
[SourceDate "2025.01.31"]
[SourceVersion "1"]
[SourceVersionDate "2025.01.31"]
[SourceQuality "1"]

1. e4 e5 2. Nf3 Nc6 3. Bb5 a6 4. Ba4 Nf6 5. O-O Be7 6. Re1 b5 7. Bb3 O-O 8. d3 d6 9. c3 Na5 10. Bc2 c5 11. Nbd2 Re8 12. Nf1 h6 13. d4 cxd4 14. cxd4 exd4 15. Nxd4 Bf8 16. Ng3 g6 17. b3 Bg7 18. Bb2 h5 19. f3 h4 20. Nf1 Nh5 21. Qd2 Be5 22. Rad1 Qb6 23. Ne3 Bb7 24. Kh1 Nc6 25. b4 Nf6 26. Bb3 Nxd4 27. Bxd4 Qc7 28. Nf5 gxf5 29. Bxe5 Rxe5 30. Qg5+ Kf8 31. Qxf6 fxe4 32. Rxd6 Ree8 33. Red1 exf3 34. Qh6+ Ke7 35. Re1+ 1-0

[Event "Hastings Challengers 1995/96"]
[Site "Hastings"]
[Date "1996.01.05"]
[Round "9"]
[White "Moss, Robin BW"]
[Black "Richardson, Kevin Derek"]
[Result "1/2-1/2"]
[WhiteElo "2265"]
[BlackElo "2170"]
[PlyCount "94"]
[EventDate "1995.12.28"]
[EventType "swiss"]
[EventRounds "11"]
[EventCountry "ENG"]
[SourceTitle "BritBase"]
[Source "John Saunders"]
[SourceDate "2025.01.31"]
[SourceVersion "1"]
[SourceVersionDate "2025.01.31"]
[SourceQuality "1"]

1. e4 c5 2. Nf3 Nc6 3. Bb5 g6 4. Bxc6 dxc6 5. h3 e5 6. d3 Bg7 7. Be3 b6 8. Qd2 f6 9. Qc3 Nh6 10. a3 a5 11. b4 axb4 12. axb4 Rxa1 13. Qxa1 cxb4 14. Qa7 Nf7 15. Bxb6 Qd7 16. Nbd2 Qxa7 17. Bxa7 Be6 18. Bc5 Bf8 19. Be3 Be7 20. O-O Kd7 21. Ra1 Rc8 22. d4 Bd6 23. Nb3 Bxb3 24. cxb3 exd4 25. Bxd4 Ne5 26. Ra7+ Rc7 27. Rxc7+ Kxc7 28. Bxe5 Bxe5 29. Kf1 Kd6 30. Ke2 Kc5 31. Kd3 Bc3 32. Nh2 Be1 33. Ng4 f5 34. exf5 gxf5 35. Nh6 Bxf2 36. Nxf5 Kd5 37. g4 Ke5 38. Ne7 Kf4 39. Nxc6 Kg3 40. Nxb4 Kxh3 41. Ke2 Bg3 42. Kf3 Bd6 43. Nd5 Kh4 44. Nf6 h6 45. Ne4 Be7 46. Kf4 h5 47. g5 Bxg5+ 1/2-1/2

[Event "Hastings Challengers 1995/96"]
[Site "Hastings"]
[Date "1996.01.05"]
[Round "9"]
[White "Muir, Andrew Joseph"]
[Black "Larsen, Steen Skovlund"]
[Result "0-1"]
[WhiteElo "2315"]
[BlackElo "2340"]
[PlyCount "80"]
[EventDate "1995.12.28"]
[EventType "swiss"]
[EventRounds "11"]
[EventCountry "ENG"]
[SourceTitle "BritBase"]
[Source "John Saunders"]
[SourceDate "2025.01.31"]
[SourceVersion "1"]
[SourceVersionDate "2025.01.31"]
[SourceQuality "1"]

1. d4 Nf6 2. c4 g6 3. Nc3 Bg7 4. Nf3 O-O 5. e4 d6 6. g3 e5 7. Bg2 Nbd7 8. O-O exd4 9. Nxd4 Re8 10. Re1 a6 11. h3 Rb8 12. Be3 c5 13. Nde2 b5 14. cxb5 axb5 15. Qc2 b4 16. Nd5 Nxd5 17. exd5 Ne5 18. g4 h5 19. gxh5 Bf5 20. Qd2 Nc4 21. Qc1 Nxb2 22. hxg6 fxg6 23. Nf4 Nd3 24. Nxd3 Bxd3 25. Qd2 Bxa1 26. Qxd3 Qf6 27. Be4 Qc3 28. Rd1 Qxd3 29. Bxd3 Be5 30. Bxg6 Re7 31. Bd3 Ra8 32. Bc4 Rea7 33. Rd2 Ra3 34. Re2 Rc3 35. Bb5 c4 36. Kg2 b3 37. axb3 cxb3 38. Bd2 Rc2 39. Bd3 Raa2 40. Bxc2 Rxc2 0-1